000 00387pab a2200145 454500
008 180718b1985 xxu||||| |||| 00| 0 eng d
100 _aOkafor, Amos N.
245 _aLabour relations update
_bWhitecollar unionization : Why and what to do
260 _c1985
300 _a17-21
362 _aAug.
650 _aPersonnel - Employee Association
773 _aPersonnel
909 _a14854
999 _c14854
_d14854